Deschooling society. (Record no. 4993)

MARC details
000 -LEADER
fixed length control field 00789cam a2200289 4500
001 - CONTROL NUMBER
control field 319053
003 - CONTROL NUMBER IDENTIFIER
control field GBCCL
005 - DATE AND TIME OF LATEST TRANSACTION
control field 20241126110531.0
008 - FIXED-LENGTH DATA ELEMENTS--GENERAL INFORMATION
fixed length control field 710805s1971 nyu 000 0 eng
010 ## -
-- 74138738
020 ## - INTERNATIONAL STANDARD BOOK NUMBER
International Standard Book Number 0060121394
040 ## - CATALOGING SOURCE
Original cataloging agency DLC
Transcribing agency DLC
Modifying agency DLC
043 ## -
-- n-us---
050 00 -
-- LA210
-- .I4 1971
082 00 - DEWEY DECIMAL CLASSIFICATION NUMBER
Classification number 370.19
Item number ILL
100 1# - MAIN ENTRY--PERSONAL NAME
Personal name Illich, Ivan,
Dates associated with a name 1926-2002.
9 (RLIN) 1085
245 10 - TITLE STATEMENT
Title Deschooling society.
250 ## - EDITION STATEMENT
Edition statement [1st ed.]
260 ## - PUBLICATION, DISTRIBUTION, ETC.
Place of publication, distribution, etc. New York,
Name of publisher, distributor, etc. Harper & Row
Date of publication, distribution, etc. [1971]
300 ## - PHYSICAL DESCRIPTION
Extent xx, 116 p.
Dimensions 22 cm.
350 ## - PRICE (NR) (BK AM CF MU VM SE) [OBSOLETE]
Price $5.95
490 0# - SERIES STATEMENT
Series statement World perspectives, v. 44
650 #0 - SUBJECT ADDED ENTRY--TOPICAL TERM
Topical term or geographic name entry element Education
Geographic subdivision United States.
9 (RLIN) 9012
650 #0 - SUBJECT ADDED ENTRY--TOPICAL TERM
Topical term or geographic name entry element Educational sociology
Geographic subdivision United States.
9 (RLIN) 9013
906 ## - LOCAL DATA ELEMENT F, LDF (RLIN)
a 7
b cbc
c orignew
d 2
e ncip
f 19
g y-gencatlg
942 ## - ADDED ENTRY ELEMENTS (KOHA)
Source of classification or shelving scheme Dewey Decimal Classification
Koha item type Books
Holdings
Withdrawn status Lost status Source of classification or shelving scheme Damaged status Not for loan Home library Current Library Shelving location Date acquired Total checkouts Full call number Barcode Date last seen Copy number Price effective from Koha item type
    Dewey Decimal Classification     GRACE BIBLE COLLEGE GRACE BIBLE COLLEGE General Studies 2018-02-19   370.19 ILL 000920 2025-05-01 c.1 2018-02-19 Books
© Grace Bible College Library 2025